Bienvenue au Catalogue en Ligne des Bibliothèques de l'Universite du Burundi

Impact socio-politique de la pénétration massive des refugiés rwandais et burundais dans la plaine de la rusizi en RDC (1959-1996) (Record no. 53981)

000 -GUIDE
Champ de contrôle de longueur fixe 01256nam a22002537a 4500
003 - IDENTITÉ DU NUMÉRO DE CONTRÔLE
Champ de contrôle BI-BuBU
008 - ÉLÉMENTS DE LONGUEUR FIXE - RENSEIGNEMENTS GÉNÉRAUX
Champ de contrôle de longueur fixe 260605b ||||| |||| 00| 0 fre d
037 ## - SOURCE D'ACQUISITION
Source d'acquisition et du numéro d'inventaire don de l'auteur
039 ## - NIVEAU DE CONTRÔLE BIBLIOGRAPHIQUE ET HISTORIQUE D'ENCODAGE [OBSOLETE]
Date creation 20260605082847.0
Nom catalographe Jean Baptiste NDIKUMANA
Date modification 20260609104247.0
Nom catalographe Joella Nshimirimana
040 ## - SOURCE DU CATALOGAGE
Organisme qui a effectué le catalogage original BI-BuBU
Code de la langue utilisée dans le catalogage fre
Organisme qui a effectué la transcription BI-BuBU
Organisme qui a effectué la modification BI-BuBU
041 0# - CODE DE LANGUE
Code de langue du texte/de la piste sonore ou du titre distinct fre
080 ## - INDICE DE LA CLASSIFICATION DÉCIMALE UNIVERSELLE (CDU)
Indice de la Classification décimale universelle 325.11
100 1# - VEDETTE PRINCIPALE - NOM DE PERSONNE
Code de relation aut.
Nom de personne Nagaheba Chomachoma, Diallo
245 10 - MENTION DU TITRE
Titre Impact socio-politique de la pénétration massive des refugiés rwandais et burundais dans la plaine de la rusizi en RDC (1959-1996)
Mention de responsabilité, etc. Diallo Nagaheba Chomachoma;Joseph Gahama,directeur
260 ## - PUBLICATION, DIFFUSION, ETC. (ADRESSE BIBLIOGRAPHIQUE)
Lieu de publication, diffusion, etc. Bujumbura
Nom de l'éditeur, diffuseur, etc. Université du burundi,faculté des lettres et sciences humaines
Date of publication, distribution, etc 2024
300 ## - DESCRIPTION MATÉRIELLE
Collation XIII-126f
Dimensions 30cm
502 ## - NOTE DE THÈSE OU MÉMOIRE
Note de thèse Mémoire présenté et soutenu publiquement en vue de l´obtention du diplôme de Master en Histoire et Patrimoine
650 #7 - VEDETTE-MATIÈRE - NOM COMMUN
Source du terme BI-BuBU
Vedette de sujet ou vedette comportant un nom géographique Réfugiés rwandais
Subdivision de forme pénétration massive
Subdivision générale impact socio-politique
Subdivision chronologique 1959-1996
Subdivision géographique ruzizi .RDC
650 #7 - VEDETTE-MATIÈRE - NOM COMMUN
Vedette de sujet ou vedette comportant un nom géographique Réfugiés burundais
Subdivision de forme pénétration massive
Subdivision générale impact socio-politique
Subdivision chronologique 1959-1996
Subdivision géographique rusizi . RDC
Source du terme BI-BuBU
655 #7 - TERME D'INDEXATION - GENRE OU FORME
Source du terme BI-BuBU
Données ou terme dominant sur le genre ou la forme memoire
700 1# - VEDETTE SECONDAIRE - NOM DE PERSONNE
Code de relation dir.
Nom d'auteur Gahama,Joseph
710 ## - VEDETTE SECONDAIRE - NOM DE COLLECTIVITÉ
Nom de la collectivité ou nom de lieu comme élément de classement Faculté des lettres et sciences humaines
Code de relation aut.
942 ## - ÉLÉMENTS D'ENTRÉE ADDITIONNELLE (KOHA)
Source de la classification ou du système de rangement
Type d item koha Memoire
Holdings
Statut de retrait Statut de perte Source de la classification ou du système de rangement Statut de déterioration Exclu du prêt Numéro d item Koha Localisation permanente Localisation actuelle Date d'acquisition Nombre de prêts Cote Code-barres Date last seen Prix en vigueur à partir du Type d item koha
          85843 Bibliothèque Centrale Bibliothèque Centrale 09/06/2026   325.11 NAG. 5010000672881 09/06/2026 09/06/2026 Memoire
© 2019-2026 - Bibliothèques de l'Université du Burundi |Tous droits réservés
home | Pour toute information urgente Contactez nous | tel whatsupp: +25779204313